| 000 | 00786nam0a22002531 4500 | ||
|---|---|---|---|
| 001 | rc\699708 | ||
| 005 | 20250621214855.0 | ||
| 035 | _a(NLR Aleph) 005935694 | ||
| 090 |
_a6625343 _c6625343 |
||
| 100 | _a20031121d1985 |||y0rusy50 ca | ||
| 101 | 0 | _arus | |
| 102 | _aRU | ||
| 105 | _aa ||||||||| | ||
| 200 | 1 | _aАстероиды, или Тернистые пути исследований | |
| 210 |
_aМ. _cНаука _d1985 |
||
| 215 |
_a204 с. _cил. _d20 |
||
| 225 | 1 | _aПроблемы науки и технического прогресса | |
| 320 | _aБиблиогр.: с. 203 | ||
| 700 | 1 |
_aСимоненко _bА.Н. _gАлла Николаевна |
|
| 801 | 0 |
_aRU _bNLR _gpsbo |
|
| 801 | 1 |
_aRU _bELAR _2rusmarc |
|
| 852 |
_aNLR _j85-3/11580 |
||
| 942 | _cBOOK | ||
| 980 | _aNB | ||